Państwa z dużą liczbą jezior - Statystyki

Ogólne statystyki
  • Ten quiz został rozwiązany 92 razy
  • Średni wynik to 15 z 18
Statystyki odpowiedzi
% Powierzchni Największe W pobliżu dużego miasta Państwo % Poprawnych
0,50% Kaspijskie Wołgograd Rosja
100%
5% Górne Minneapolis Stany Zjednoczone
100%
10% Saimaa Helsinki Finlandia
99%
9% Górne Stosunkowo brak,niedaleko Winnipeg Kanada
97%
1% Argentino Brak dużych miejscowościw pobliżu Argentyna
93%
3% Thingvallavatn Rejkiawik Islandia
92%
3% Neuchatel Berno Szwajcaria
90%
2% Garda Werona Włochy
90%
2% Kaspijskie Atyrau Kazachstan
82%
2% Texcoco Tlalnepantla Meksyk
82%
2% Kuku-nor Haibei Chiny
78%
10% Fei-ts'ui Reservoir Tajpej Tajwan
76%
6,5 % Wiktorii Mwanza Tanzania
72%
9% Vanern Orebro Szwecja
68%
10% Sasyk Symferopol Ukraina
68%
5% Aralskie Brak dużych miejscowości w pobliżu Uzbekistan
62%
7% Sambhar Ajmer Indie
57%
4% Toba Pematangsiantar Indonezja
49%
Nie znaleziono quizów pasujących do podanych kryteriów
Rozkład punktacji
Procent ludzi z każdym wynikiem
Percentyl według liczby udzielonych odpowiedzi
Twoja historia wyników
Nie rozwiązałeś tego quizu